El desafío teórico de la izquierda latinoamericana /
Guardado en:
| Hovedforfatter: | |
|---|---|
| Format: | Bog |
| Sprog: | Spanish |
| Tags: |
Tilføj Tag
Ingen Tags, Vær først til at tagge denne postø!
|
MARC
| LEADER | 00000nam a22000007a 4500 | ||
|---|---|---|---|
| 003 | cru CIDCACS/IIS | ||
| 005 | 20190117112513.0 | ||
| 007 | ta | ||
| 008 | 190117s20092010mx |||p|r||||||0| ||spa|d | ||
| 999 | |c 42057 |d 42057 | ||
| 040 | |c cru CIDCACS/IIS | ||
| 100 | 1 | |9 4637 |a Sader, Emir | |
| 245 | 1 | 3 | |a El desafío teórico de la izquierda latinoamericana / |c Emir Sader |
| 300 | |a páginas 17-22 | ||
| 773 | 0 | |0 42054 |9 2608 |a Centro de Estudios del Movimiento Obrero y Socialista (México) |d México D.F: CEMOS |o 17703 |t Memoria = |x 01861395 | |
| 942 | |2 ddc |c PP | ||
